| 000 | 01458nam0a2200325 4500 | ||
|---|---|---|---|
| 001 | RU\NLR\b_ik\136450 | ||
| 005 | 20250616225721.0 | ||
| 035 | _a(NLR Aleph) 002209723 | ||
| 090 |
_a3152556 _c3152556 |
||
| 100 | _a20051021d2004 |||y0rusy50 ca | ||
| 101 | 0 |
_aeng _drus |
|
| 102 | _aRU | ||
| 105 | _aa ||||||||| | ||
| 200 | 1 |
_aSpectroscopic detection of sulfur oxides in the aircraft wake _fO.G. Buzykin, A.A. Ionin, S.V. Ivanov [et al.] |
|
| 210 |
_aMoscow _c[s.n.] _d2004 |
||
| 215 |
_a34 с. _cграф. _d21 |
||
| 225 | 1 |
_aPreprint _fLebedev phys. inst., Russ. acad. of sciences _v5 |
|
| 300 | _aНа обороте тит. л.: Спектроскопическое детектирование окислов серы в самолетном следе / О.Г. Бузыкин [и др.] | ||
| 300 | _aРез. на рус. яз. | ||
| 320 | _aБиблиогр.: с. 25-28 (53 назв.) | ||
| 517 | 0 | _aСпектроскопическое детектирование окислов серы в самолетном следе | |
| 606 | 1 |
_aАвиационные двигатели _xВыхлопные газы _xСодержание сернистого ангидрида _92406866 _3RU\NLR\AUTH\661434337 |
|
| 686 | 4 | _aО551-082н6 | |
| 701 | 1 |
_aBuzykin _bO. G. _4070 |
|
| 701 | 1 |
_aIonin _bA. A. _gAndrej Alekseevič _4070 |
|
| 701 | 1 |
_aIvanov _bS. V. _4070 |
|
| 801 | 0 |
_aRU _bNLR _c20051021 _gPSBO |
|
| 942 | _cBOOK | ||
| 980 | _aNB | ||